Premier League Goal Scorers Quiz Stats

 Plays Quiz Updated Jul 29, 2020

Support Sporcle.
Go Orange.
Score 0/201 Timer 20:00
233 Plays Today
Goals Player % Correct
175Thierry Henry
92.5%
260Alan Shearer
92.4%
208Wayne Rooney
91.4%
184Sergio Agüero
91.2%
177Frank Lampard
88.5%
104Didier Drogba
87.1%
187Andrew Cole
87%
43Demba Ba
86.6%
47Joe Cole
85.4%
52Carlton Cole
85.1%
97Mohamed Salah
85%
109Ryan Giggs
85%
120Steven Gerrard
84.9%
84Cristiano Ronaldo
84.3%
166Harry Kane
84.3%
126Robbie Keane
83.7%
39Roy Keane
83%
69Luis Suárez
81.4%
150Michael Owen
81.1%
107Paul Scholes
80.7%
144Robin van Persie
79.6%
123Dwight Yorke
77.9%
85Fernando Torres
76.3%
87Dennis Bergkamp
76.1%
95Ruud van Nistelrooy
75.7%
163Robbie Fowler
73.4%
95Sadio Mané
72.9%
85Eden Hazard
72.8%
113Romelu Lukaku
72.7%
53Gareth Bale
72.5%
162Jermain Defoe
71.7%
147Teddy Sheringham
71.5%
62David Beckham
71.4%
42Kevin De Bruyne
71.3%
108Peter Crouch
70.6%
66Roberto Firmino
70%
63Alexis Sánchez
69.9%
149Les Ferdinand
69.5%
94Dimitar Berbatov
69%
97Emmanuel Adebayor
67.4%
113Ian Wright
67.2%
125Nicolas Anelka
66.8%
118Jamie Vardy
66%
84Carlos Tévez
65.6%
106Darren Bent
65.6%
40Marcus Bent
65.2%
55Marcus Rashford
64%
70Son Heung-min
63.4%
60Yaya Touré
63.2%
66Riyad Mahrez
62.7%
41John Terry
62.6%
92Mark Viduka
62.2%
91Ole Gunnar Solskjær
62.1%
96Raheem Sterling
61.5%
59Gianfranco Zola
61.3%
62Robert Pirès
61.1%
50Edin Džeko
60.3%
110Emile Heskey
60%
56Tim Cahill
59.5%
70Eric Cantona
59.3%
127Jimmy Floyd Hasselbaink
58.5%
53Chicharito
58.1%
45Alan Smith
58%
96Yakubu
57.9%
90Olivier Giroud
57.9%
50Gabriel Jesus
56.8%
50Alexandre Lacazette
56.6%
Goals Player % Correct
57Harry Kewell
54.5%
52Diego Costa
53.8%
76Daniel Sturridge
53.5%
102Matt Le Tissier
53.1%
81Christian Benteke
52.6%
37Papiss Demba Cissé
52.5%
50Cesc Fàbregas
52%
92Kevin Phillips
51.6%
55Danny Ings
50.9%
67Gylfi Sigurðsson
50.4%
51Christian Eriksen
50.2%
79Craig Bellamy
50.2%
47Chris Wood
50.1%
54Nwankwo Kanu
50%
78Theo Walcott
49.9%
48Ian Rush
49.5%
64Pierre-Emerick Aubameyang
49.4%
60David Silva
48.4%
51Andy Johnson
48.2%
50Dele Alli
47.7%
55Anthony Martial
47%
57Clint Dempsey
47%
55Eiður Guðjohnsen
46.7%
83Chris Sutton
46.6%
38Willian
46.5%
85Louis Saha
46.4%
54Andy Carroll
45.9%
40Kenwyne Jones
45.5%
40Aaron Ramsey
45.3%
48Fredrik Ljungberg
45%
51Dirk Kuyt
44.9%
69Duncan Ferguson
44.9%
41Philippe Coutinho
44.8%
55James Milner
44.7%
87Kevin Davies
44.3%
63Mark Hughes
44.1%
111Dion Dublin
43.7%
54Damien Duff
43.4%
38Dean Sturridge
43.4%
66Paolo Di Canio
43.3%
38Tore André Flo
42.7%
53Steven Fletcher
42.5%
81Gary Speed
42.3%
52Juan Mata
41.8%
73Gabriel Agbonlahor
40.4%
82Kevin Campbell
40.1%
48Joshua King
39.9%
49Nolberto Solano
39.8%
53Gareth Barry
39.4%
47Ashley Young
38.6%
50Paulo Wanchope
38.5%
53Callum Wilson
38.5%
55Shane Long
38.1%
40Dominic Calvert-Lewin
37.4%
59Niall Quinn
37.3%
47Wilfried Zaha
36.9%
36Salomon Kalou
36.9%
42Paul Ince
36.3%
69Kevin Nolan
36.3%
91James Beattie
36.1%
43Marko Arnautović
35%
38John Carew
34.6%
41Ashley Barnes
34.6%
50Danny Welbeck
34.5%
46Mark Noble
33.6%
37Benni McCarthy
33.1%
55John Hartson
32.6%
Goals Player % Correct
41Steve McManaman
32.5%
47Troy Deeney
32.5%
37Marouane Fellaini
32.2%
54Gustavo Poyet
32%
43Frédéric Kanouté
31.4%
35Salomón Rondón
31.3%
44Juan Pablo Ángel
31.2%
43Andrei Kanchelskis
31.2%
62Stan Collymore
30.2%
46Michail Antonio
30.1%
35Florent Malouda
29.9%
36Brian McBride
29.4%
38Patrik Berger
28.8%
42Marians Pahars
28.5%
50Danny Murphy
28.5%
35Wilfried Bony
28.3%
36Samir Nasri
28.1%
47Bobby Zamora
27.8%
41Mikel Arteta
27.1%
43Jonathan Walters
26.7%
37Kevin Doyle
26.5%
59Peter Beardsley
26.4%
57Lee Bowyer
25.9%
46Paul Merson
25.9%
42Jay Rodriguez
25.9%
37David Dunn
25.3%
49Gary McAllister
25%
56Jason Euell
24.8%
37Stewart Downing
24.7%
36Jason Roberts
24.7%
37Darren Anderton
24.5%
43Shola Ameobi
24.2%
43Ayoze Pérez
23.9%
52Darius Vassell
23.9%
78Tony Cottee
23.8%
71Brian Deane
23.4%
45Robbie Earle
22.9%
40Matt Taylor
22.7%
72Chris Armstrong
22.3%
52Trevor Sinclair
22.3%
37Glenn Murray
22.3%
45Dean Saunders
22%
40Steffen Iversen
21.9%
52Efan Ekoku
21.4%
53Nick Barmby
21.2%
36Benito Carbone
21.1%
44Leon Osman
20.7%
37Tim Sherwood
20.5%
36Peter Odemwingie
20.1%
35Tomasz Radzinski
19.7%
56Kevin Gallacher
19.4%
63Dean Holdsworth
18.9%
35Peter Ndlovu
18.8%
50Mark Bright
18.5%
38Darren Huckerby
18.4%
38David Unsworth
18.1%
39Steed Malbranque
17.5%
36Ruel Fox
17.4%
36Paul Dickov
17.2%
43David Hirst
15.2%
43Noel Whelan
14.9%
45Rod Wallace
14.7%
42Julian Joachim
13.6%
45Graham Stuart
13.5%
36John Spencer
12.9%
37Don Hutchison
11.9%
38Richarlison
10.5%

From the Vault

Movies by Missing Number

by fish317

Movies 90s
When you run out of letters, any old number will do.
Remove Ads.
Support Sporcle.
Get the best of Sporcle when you Go Orange. This ad-free experience offers more features, more stats, and more fun while also helping to support Sporcle. Thank you for becoming a member.

Show Comments

Extras

Top Quizzes Today


Score Distribution

Your Account Isn't Verified!

In order to create a playlist on Sporcle, you need to verify the email address you used during registration. Go to your Sporcle Settings to finish the process.

Report this User

Report this user for behavior that violates our Community Guidelines.

Details: